000 00627nam a22001937a 4500
005 20160226092102.0
008 160226b nyu||||| |||| 00| 0 eng d
020 _a0415374979
020 _a9780415374972
050 0 4 _aPE3711
_bP46 2007
100 1 _aPennycook, Alastair
_d1957-
_eaut.
245 1 0 _aGlobal Englishes and transcultural flows /
_cAlastair Pennycook.
250 _a1a ed.
260 _aNew York :
_bRoutledge,
_c2007
300 _aviii, 189 p. ;
_c24 cm
504 _aBibliografia: p. 163-182 e índice
650 7 _2Lemb
_aComunicación intercultural
_vComunicación, Internacional
_xArgot
942 _2lcc
_cLIB
999 _c113852
_d113852